000 00266nam a2200133Ia 4500
100 _aPekowsky/Larne
942 _cBK
654 _aJSP
245 _aJava Server page TM
260 _bPearson Edu
_c2000
082 _a5.72
_bPEK
300 _a282
546 _aENGLISH
999 _c21714
_d21714